000 00850nam a2200253 i 4500
001 37685
003 ES-MaACL
005 20230906155626.0
008 970314s1968 sp af |||| |bspa d
080 _a75Brueghel, Pieter
100 1 _aBrueghel, Pieter.
_9145172
245 1 3 _aLa obra pictórica completa de Brueghel /
_cintroducción de Giovanni Arpino ; biografía y estudios críticos de Piero Bianconi.
260 _aBarcelona :
_bNoguer,
_c[1968] (
_fRizzoli)
300 _a120 p. :
_bil. col. y n. ;
_c32 cm.
490 1 _aClásicos del arte ;
_v4
500 _aÍndices.
504 _aBibliografía: p. 82.
600 1 7 _aBrueghel, Pieter.
_9145172
700 1 _aArpino, Giovanni.
_923189
700 1 _aBianconi, Piero.
_928754
830 0 _aClásicos del arte ;
_v4
_9191252
852 _aES-MaACL
_jL-31039
999 _c37685
_d37685